00575 2200193 4500001002100000005001500021035002000036007000300056008004100059020002200100082001000122084001700132100001800149245006000167260006600227300004200293650001300335856003300348INLIS00000000000031820240117031102 a0010-0124000001ta240117 g 0 ind  a978-602-9309-27-0 a636.5 a636.5 AWA m0 aAwaludin Hipi1 aMANAJEMEN PEMELIHARAAN AYAM KUB -SENSI /cAwaludin Hipi aBone :bBalai Pengkajian Teknologi Pertanian Gorontalo,c2008 aiv, 60 hlm, :bilus, ;c14 cm x 21 cm 4aAyam KUB akikp-pertanian.id/bptpsumbar